000 00982nam a22002297a 4500
999 _c63768
_d63768
005 20240530110658.0
008 171224s2011 ua af f b 000 0 ara d
040 _aEG-CaGPL
082 0 7 _221
_a701.18/
_bد هـ
100 1 _aدافنشي ، ليوناردو
245 1 2 _aالهندسة والعمارة والمتاحف والفنون التشكيلية في العصور الوسطى /
_cتأليف ليوناردو دافنشي ؛ ترجمة فخري رياض موسى .
260 _aالقاهرة :
_bدار الكتاب الحديث ،
_c2011 .
300 _a534 ص :
_bايض ؛
_c24 سم .
504 _aببليوجرافية : ص 529 - 534
650 0 7 _2qrmak
_aالفن
650 0 7 _2qrmak
_aالفن
_xتاريخ ونقد
650 0 7 _2qrmak
_aالفن
_xتاريخ ونقد
_yالعصور الوسطى
650 0 7 _2qrmak
_aالعمارة
700 0 _aمترجم فخري رياض موسى
942 _2ddc
_cBK